000 00310nam a2200133 i 4500
001 bg
245 0 _aAnglo-russkij slovar' po dorożnomu stroitel'stvu.
260 _aMoskva,
_c1975.
040 _cBPK
041 _apol
080 _a625(03)=20=82
942 _cKS
008 s pl f |000 0 pol
999 _c26802
_d26802